Vista normal Vista MARC

Entrada Topical Term

Número de registros utilizados en: 2

001 - CONTROL NUMBER

  • control field: 44016

003 - CONTROL NUMBER IDENTIFIER

  • control field: OSt

005 - DATE AND TIME OF LATEST TRANSACTION

  • control field: 20250128095847.0

008 - FIXED-LENGTH DATA ELEMENTS

  • fixed length control field: 250128|| aca||aabn | a|a d

040 ## - CATALOGING SOURCE

  • Original cataloging agency: OSt
  • Transcribing agency: OSt

150 ## - HEADING--TOPICAL TERM

  • Topical term or geographic name entry element: Derecho penal
  • Chronological subdivision: Obras hasta 1800

670 ## - SOURCE DATA FOUND

  • Source citation: Work cat.: (OSt)30926: Beccaria, Cesare Bonesana, 1738-1794. 44015, De los delitos y de las penas / , 2016.